书目信息 |
| 题名: |
电工电子技术基础
|
|
| 作者: | 赵秀华 , 孙辉 主编 | |
| 分册: | ||
| 出版信息: | 北京 国防工业出版社 2014 |
|
| 页数: | 12,314页 | |
| 开本: | 26cm | |
| 丛书名: | ||
| 单 册: | ||
| 中图分类: | TM-43 , TN01 | |
| 科图分类: | ||
| 主题词: | 电工技术--高等学校--教材 , 电子技术--高等学校--教材 , 电工技术 , 电子技术 | |
| 电子资源: | ||
| ISBN: | 978-7-118-07740-7 | |
| 000 | 01060nam0 2200301 450 | |
| 001 | 523 | |
| 005 | 20140910085357.60 | |
| 010 | @a978-7-118-07740-7@dCNY38.00 | |
| 100 | @a20140120d2014 em y0chiy50 ea | |
| 101 | 0 | @achi |
| 102 | @aCN@b110000 | |
| 105 | @aa z 000yy | |
| 106 | @ar | |
| 200 | 1 | @a电工电子技术基础@ADian Gong Dian Zi Ji Shu Ji Chu@f赵秀华,孙辉主编@FZhao Xiu Hua, Sun Hui Zhu Bian |
| 210 | @a北京@c国防工业出版社@d2014 | |
| 215 | @a12,314页@c图@d26cm | |
| 300 | @a普通高等院校电工类“十二五”规划教材 | |
| 330 | @a本书由电工技术基础、模拟电子技术基础和数字电子技术基础等三部分组成,具体内容包括:直流电路、动态电路的暂态分析、正弦交流电路、三相交流电路、变压器、异步交流电动机、电气自动控制、半导体器件等。 | |
| 606 | 0 | @a电工技术@x高等学校@j教材 |
| 606 | 0 | @a电子技术@x高等学校@j教材 |
| 606 | 0 | @a电工技术 |
| 606 | 0 | @a电子技术 |
| 690 | @aTM-43@v5 | |
| 690 | @aTN01@v5 | |
| 701 | 0 | @a赵秀华@AZhao Xiu Hua@4主编 |
| 701 | 0 | @a孙辉@ASun Hui@4主编 |
| 801 | 0 | @aCN@bTANGWEI@c20140603 |
| 905 | @b0841202-04@dTM-43@e69@f3 | |
| 电工电子技术基础/赵秀华,孙辉主编.-北京:国防工业出版社,2014 |
| 12,314页:图;26cm |
| 普通高等院校电工类“十二五”规划教材 |
| ISBN 978-7-118-07740-7:CNY38.00 |
| 本书由电工技术基础、模拟电子技术基础和数字电子技术基础等三部分组成,具体内容包括:直流电路、动态电路的暂态分析、正弦交流电路、三相交流电路、变压器、异步交流电动机、电气自动控制、半导体器件等。 |
| ● |
| 相关链接 |
|
|
|
|
正题名:电工电子技术基础
索取号:TM-43/69
 
预约/预借
| 序号 | 登录号 | 条形码 | 馆藏地/架位号 | 状态 | 备注 |
| 1 | 0841202 | 208412029 | 第二样本阅览室/ [索取号:TM-43/69] | 在馆 | |
| 2 | 0841203 | 208412038 | 密集书库-物理学院/ [索取号:TM-43/69] | 在馆 | |
| 3 | 0841204 | 208412047 | 第三借阅区/ [索取号:TM-43/69] | 在馆 |